A new HUD : opportunity for all, 1997 consolidated report appendices.

Bibliographic Details
Corporate Author: United States. Department of Housing and Urban Development
Format: Government Document Book
Language:English
Published: Washington, D.C. (451 Seventh Street, S.W., Washington 20410) : HUD, [1999?]
Subjects:

MARC

Tag First Indicator Second Indicator Subfields
LEADER 00000cam a22000007a 4500
001 in00000004082
005 20151007051327.0
008 990629s1999 dcua f000 0 eng d
035 |a (OCoLC)41623506 
035 |9 AJH8539AM 
040 |a DGPO  |c DGPO  |d DLC  |d MvI  |d UtOrBLW 
043 |a n-us--- 
049 |a UDOC 
074 |a 0582 
086 0 |a HH 1.2:OP 5/2/997/APP. 
110 1 |a United States.  |b Department of Housing and Urban Development. 
245 1 2 |a A new HUD :  |b opportunity for all, 1997 consolidated report appendices. 
246 3 0 |a Opportunity for all, 1997 consolidated report appendices 
264 1 |a Washington, D.C. (451 Seventh Street, S.W., Washington 20410) :  |b HUD,  |c [1999?] 
300 |a 1 volume (various pagings) :  |b illustrations ;  |c 28 cm. 
336 |a text  |b txt  |2 rdacontent 
337 |a unmediated  |b n  |2 rdamedia 
338 |a volume  |b nc  |2 rdacarrier 
500 |a Cover title. 
500 |a Shipping list number: 99-0267-P. 
610 1 0 |a United States.  |b Department of Housing and Urban Development  |x Management. 
650 0 |a Community development  |z United States  |x Finance. 
650 0 |a Discrimination in housing  |z United States. 
650 0 |a Housing policy  |z United States. 
710 1 |a United States.  |b Department of Housing and Urban Development. 
999 |a MARS 
999 f f |s 00b324c1-87f6-301b-86b8-71576620add1  |i 3ecae525-983d-3519-b481-141b8941c2bf  |t 0 
952 f f |p normal  |a Texas A&M University  |b College Station  |c Sterling C. Evans Library  |d Evans: US Documents (Annex 5th floor)  |t 0  |e HH 1.2:OP 5/2/997/APP  |h Superintendent of Documents classification  |i unmediated -- volume  |m A14824518593 
998 f f |a HH 1.2:OP 5/2/997/APP  |t 0  |l Evans: US Documents (Annex 5th floor)